Plan de negocio para la fabricación y comercialización de dispensadores de Toallas Femeninas en baños de establecimientos de la ciudad de Managua
La investigación presenta un plan de negocio está orientado a la creación e introducción de un nuevo producto al mercado, con un nuevo concepto en complementos de servicios higiénicos para damas, para la elaboración de dicho producto se ha propuesto un diseño y se han establecido los proceso...
| Main Authors: | , , |
|---|---|
| Other Authors: | |
| Format: | Tesis Section = Libro |
| Language: | Undetermined Spanish |
| Published: |
Managua
UNI
2018
|
| Subjects: |
| LEADER | 01519nam a2200289Ia 4500 | ||
|---|---|---|---|
| 008 | 240830s9999 xx 000 0 und d | ||
| 040 | |a BIBLIOTECA-RUPAP T.Mon 658.4012 A473 | ||
| 041 | |a spa | ||
| 082 | |a T.Mon 658.4012 A473 | ||
| 100 | 1 | |a Álvarez Torres, Carlos Rafael | |
| 100 | 1 | |b Barberena Hernández, Onielka Isabel | |
| 100 | 1 | |c Medina Flores, Martin José | |
| 245 | 1 | 0 | |a Plan de negocio para la fabricación y comercialización de dispensadores de Toallas Femeninas en baños de establecimientos de la ciudad de Managua |
| 260 | |a Managua |b UNI |c 2018 | ||
| 300 | |a 91 p. :il. | ||
| 500 | |a Contiene: anexos y CD | ||
| 502 | |a Tesis (Ingeniero de Sistemas)- UNI, 2018. | ||
| 520 | 3 | |a La investigación presenta un plan de negocio está orientado a la creación e introducción de un nuevo producto al mercado, con un nuevo concepto en complementos de servicios higiénicos para damas, para la elaboración de dicho producto se ha propuesto un diseño y se han establecido los procesos que permitan su fabricación e incorporación al mercado a través de la institución de una empresa encargada de la fabricación y distribución de dicho ´producto, que está definido como dispensador de toallas femeninas. | |
| 650 | 7 | |a PLANIFICACION ORGANIZACIONAL | |
| 650 | 7 | |b PLANEACION ESTRATEGICA | |
| 650 | 7 | |c MERCADEO | |
| 650 | 7 | |d ESTRATEGIA EMPRESARIAL | |
| 650 | 7 | |e NEGOCIOS | |
| 700 | 1 | |a Tutor: |b Orozco Miranda, Hazzely del Carmen | |
| 942 | |c BK |2 ddc | ||
| 991 | |a TESIS | ||
| 999 | |c 18562 | ||